LEADER 00840nam a2200217 4500 001 000000347008 003 CaOOAMICUS 005 20210713113510.0 008 210713s1999 it a 000 u ita r 040 $aSeMil$bita 100 1 $aManelli, Stefano M.$0(OLS)http://semarc/name/44849 245 10$aBeato Pio da Pietralcina /$cp. Stefano M. Manelli. 250 $a8. rist. 264 3$aFrigento (AV) :$bCasa mariana,$c1999. 300 $a187 p. :$bill. ;$c17 cm 600 04$aPio : da Pietrelcina .$0(OLS)http://semarc/subject/470 850 $aSeMil 852 $aSeMil$W1$xVenegono$y1$m3H I 598$j227534$B238076$CSeMilBibl$Z2$F238076 $81 996 $6245$aBeato Pio da Pietralcina$9(OLS)http://semarc/title/436252 996 $6264$aFrigento (AV) :$bCasa mariana$9(OLS)http://semarc/publisher/34864 LEADER 00653nam a2200193 i 4500 001 000000167434 003 CaOOAMICUS 005 20260327164501.0 008 071203s1985 it u000 u ita u 020 $a88-7033-068-0 040 $aSeMil$bita 245 10$aAppendice 1: 1984. 300 $a443 p. :$bill. 773 0 $tLetteratura francese.$dRoma : Lucarini, 1985.$gAppendice1$w()18872 850 $aSeMil 852 $aSeMil$W1$xVenegono$y1$m1R VI 28/3$j269281$B118585$CSeMilBibl$Z2$F129483 $81 996 $6020$a88-7033-068-0$9(OLS)http://semarc/number/154074 996 $6245$aAppendice 1: 1984$9(OLS)http://semarc/title/458895